Effect Of Mindfulness Based Stress Reducation Therapy And Deep Cervical Flexor Muscle Training On pain Sitting Neck Posture Alignment And Lifestyle Factors In Patients With Cervical Radicular Pain Syndrome (Record no. 26376)
[ view plain ]
| 000 -LEADER | |
|---|---|
| fixed length control field | 00475nam a22001337a 4500 |
| 003 - CONTROL NUMBER IDENTIFIER | |
| control field | SGT |
| 082 ## - DEWEY DECIMAL CLASSIFICATION NUMBER | |
| Classification number | 617.3 |
| Item number | E21T |
| 100 ## - MAIN ENTRY--PERSONAL NAME | |
| Personal name | TANWAR, ANSHU |
| 245 ## - TITLE STATEMENT | |
| Title | Effect Of Mindfulness Based Stress Reducation Therapy And Deep Cervical Flexor Muscle Training On pain Sitting Neck Posture Alignment And Lifestyle Factors In Patients With Cervical Radicular Pain Syndrome |
| 260 ## - PUBLICATION, DISTRIBUTION, ETC. (IMPRINT) | |
| Place of publication, distribution, etc | SGT UNIVERSITY |
| Name of publisher, distributor, etc | SGT UNIVERSITY |
| Year of Publication | 2021 |
| 300 ## - PAGE DESCRIPTION | |
| No. of Pages | 150 |
| 650 ## - SUBJECT ADDED ENTRY--TOPICAL TERM | |
| Topical term or geographic name as entry element | MPT THESIS |
| 942 ## - ADDED ENTRY ELEMENTS (KOHA) | |
| Source of classification or shelving scheme | Dewey Decimal Classification |
| Koha item type | Thesis/Dissertation |
| Withdrawn status | Lost status | Source of classification or shelving scheme | Damaged status | Not for loan | Collection code | Home library | Current library | Shelving location | Date acquired | Vendor Name | Total Checkouts | Full call number | Accession No. (Barcode) | Date last seen | Bill Date | Koha item type |
|---|---|---|---|---|---|---|---|---|---|---|---|---|---|---|---|---|
| Dewey Decimal Classification | Not For Loan | MEDICAL | SGT Medical Library | SGT Medical Library | Reference Book | 24/05/2024 | MPT SCHOLAR | 617.3 E21T | DT1327 | 24/05/2024 | 24/05/2024 | Thesis/Dissertation |